Thơ văn Phạm Văn Nghị
Cuộc đời, sự nghiệp của Phạm Văn Nghị, một sĩ phu yêu nước, một nhà thơ chí khí, một nhà giáo có ảnh hưởng lớn đến đào tạo nhân tài cho đất nước thế kỷ 19; Các tác phẩm thơ và văn xuôi của ông; Một số thơ văn đương thời viết về Phạm Văn Nghị...
Đã lưu trong:
| 主要作者: | |
|---|---|
| 其他作者: | |
| 格式: | 图书 |
| 语言: | Vietnamese |
| 出版: |
H.
Khoa học xã hội
1979
|
| 主题: | |
| 标签: |
添加标签
没有标签, 成为第一个标记此记录!
|
| Thư viện lưu trữ: | Mạng thư viện Đại học Đà Nẵng |
|---|
| LEADER | 01578nam a2200397 4500 | ||
|---|---|---|---|
| 001 | 000005254 | ||
| 003 | 1397 | ||
| 005 | 20120426140432.0 | ||
| 008 | 110812s1979 viesd | ||
| 020 | |c 26000đ | ||
| 041 | 0 | |a vie | |
| 082 | |a 895.9221 |b PH-N | ||
| 100 | 0 | |a Phạm Văn Nghị | |
| 245 | 0 | |a Thơ văn Phạm Văn Nghị |c Phạm Văn Nghị; Nguyễn Văn Huyền | |
| 260 | |a H. |b Khoa học xã hội |c 1979 | ||
| 300 | |a 231tr : ảnh tư liệu |c 24 cm. | ||
| 520 | |a Cuộc đời, sự nghiệp của Phạm Văn Nghị, một sĩ phu yêu nước, một nhà thơ chí khí, một nhà giáo có ảnh hưởng lớn đến đào tạo nhân tài cho đất nước thế kỷ 19; Các tác phẩm thơ và văn xuôi của ông; Một số thơ văn đương thời viết về Phạm Văn Nghị | ||
| 653 | |a Văn học cận đại | ||
| 653 | |a Việt nam | ||
| 653 | |a thơ chữ nôm | ||
| 653 | |a danh nhân | ||
| 653 | |a Hà nam ninh | ||
| 653 | |a văn xuôi | ||
| 653 | |a thơ chữ hán | ||
| 700 | |a Nguyễn Văn Huyền | ||
| 910 | |a Huỳnh Thị Cẩm Lai |d 12/08/2011 | ||
| OWN | |a LSP | ||
| AVA | |a UDN50 |b LSP |d 895.9221 PH-N |e available |t Error 5001 Not defined in file expand_doc_bib_avail. |f 2 |g 1 |h N |i 0 |k 1 | ||
| 999 | |a From the UDN01 | ||
| AVA | |a UDN50 |b LSP |d 895.9221 PH-N |e available |t Error 5001 Not defined in file expand_doc_bib_avail. |f 2 |g 1 |h N |i 0 |k 1 | ||
| TYP | |a Monograph | ||
| TYP | |a Printed language | ||
| 980 | |a Mạng thư viện Đại học Đà Nẵng | ||